| 000 | 00488nam a2200169Ia 4500 | ||
|---|---|---|---|
| 001 | 16200 | ||
| 005 | 20260306170252.0 | ||
| 008 | 260306t9999||||xx |||||||||||||| ||und|| | ||
| 041 | _aESP | ||
| 082 |
_a347.3C _bI59 |
||
| 100 |
_aInstituto Nacional de Defensa de la Competencia y de la Protección de la Propiedad Intelectual (Perú) _eAUT |
||
| 245 | 0 | _aCódigo de protección y defensa del consumidor | |
| 300 |
_a _c |
||
| 650 | _aGEN | ||
| 654 | _aCDE | ||
| 942 |
_cLIB _dJUS _fJUS _2ddc _n |
||
| 999 |
_c16200 _d16200 |
||